Culture Générale - Série 2705 - Statistiques

Statistiques générales
  • Ce quiz a été pris 38 fois
  • Le résultat moyen est 4 sur 10
Statistiques - réponses
Question Réponse % Correct
Ce mot désigne un agrume, le plus long fleuve d'Afrique du Sud, une ville du Vaucluse orange
85%
Coordonnée horizontale qui sert, avec l'ordonnée, à définir la position d'un point dans un plan abscisse
59%
Le Grand coq de bruyère est appelé également " Grand .... ( voir photo) tétras
44%
Dans la mythologie grecque, quelle est la déesse du feu et plus particulièrement du foyer ? Hestia
41%
Jeune homme élégant, un peu efféminé ou chaton minet
38%
Dans quel pays l'écrivaine, dramaturge, scénariste et réalisatrice française Marguerite Duras a-t-elle vécu ? Vietnam
32%
Plateforme arrondie fixée au mât d'un navire, à une certaine hauteur - 4 lettres hune
18%
Cavalier armé d'une lance dans les armées slaves et germaniques, similaire au lancier des armées françaises. 5 lettres commençant par "u" uhlan
18%
Ancienne mesure agraire (en moyenne 52 ares) - 4 lettres acre
15%
Saint patron des pèlerins et de nombreuses confréries ou corporations : chirurgiens, dermatologues, apothicaires, mais aussi des paveurs de rues, des fourreurs, pelletiers, fripiers, cardeurs, et aussi le protecteur des animaux, notamment de compagnie. Roch
3%
Aucun quiz correspondant
Distribution des résultats
% des personnes avec chaque résultat
Percentile par nombre de réponses
Votre historique - résultats
Vous n’avez pas pris ce quiz